[Event "BCF-chT3E 2223 (4NCL)"]
[Site "England"]
[Date "2023.04.29"]
[Round "9.22"]
[White "Scott, Gordon W"]
[Black "Lambourne, Daniel M"]
[Result "1/2-1/2"]
[WhiteElo "2275"]
[BlackElo "1955"]
[PlyCount "174"]
[EventDate "2022.11.05"]
[EventType "team-tourn"]
[EventRounds "11"]
[EventCountry "ENG"]
[SourceTitle "EXT 2024"]
[Source "ChessBase"]
[SourceDate "2023.10.10"]
[SourceVersion "1"]
[SourceVersionDate "2023.10.10"]
[SourceQuality "1"]
[WhiteTeam "Anglian Avengers"]
[BlackTeam "MK Phoenix"]
[WhiteTeamCountry "ENG"]
[BlackTeamCountry "ENG"]

1. d4 Nf6 2. c4 e6 3. Nc3 d5 4. cxd5 exd5 5. Bg5 Be7 6. e3 c6 7. Bd3 h6 8. Bf4 Bd6 9. Bxd6 Qxd6 10. h3 Nbd7 11. Nf3 Qe7 12. Qc2 0-0 13. 0-0 Re8 14. Rab1 Ne4 15. b4 Ng5 16. Nxg5 Qxg5 17. b5 Nb6 18. bxc6 bxc6 19. Kh2 Qd8 20. Ne2 Qd6+ 21. Kh1 Bd7 22. Nc1 Rac8 23. Nb3 g6 24. Rfc1 Re7 25. Nc5 Be8 26. a4 Nd7 27. Ba6 Rc7 28. Nd3 Kg7 29. Qb2 Nf6 30. Nc5 Ne4 31. Nxe4 Rxe4 32. Qb8 Qd7 33. a5 Re7 34. Qa8 f6 35. Rb8 Kf7 36. Rd8 Qf5 37. Kg1 Qe6 38. Bd3 f5 39. a6 Qf6 40. Qb8 Rcd7 41. Rxd7 Rxd7 42. Rb1 Qd8 43. Qe5 Qf6 44. Qh2 Qd6 45. Qxd6 Rxd6 46. g4 fxg4 47. hxg4 Ke7 48. Kg2 Rd7 49. Rh1 h5 50. gxh5 gxh5 51. Be2 Kd6 52. Bxh5 Rg7+ 53. Kf3 Bd7 54. Kf4 Rh7 55. Kg5 Bc8 56. Ra1 Re7 57. Ra3 Bd7 58. f4 c5 59. f5 cxd4 60. exd4 Re1 61. Kf6 Re4 62. Bg6 Rxd4 63. Kg7 Rg4 64. Rf3 Bxf5 65. Rxf5 Ra4 66. Rf7 Kc5 67. Bd3 Ra3 68. Bf1 Ra1 69. Rf4 Re1 70. Kf6 Kd6 71. Kf5 Re8 72. Kg4 Re4 73. Rxe4 dxe4 74. Kf4 e3 75. Kxe3 Kc7 76. Kd4 Kb8 77. Kc5 Kc7 78. Bg2 Kd7 79. Bb7 Kc7 80. Bc6 Kb8 81. Kd6 Kc8 82. Bg2 Kb8 83. Kc6 Kc8 84. Bh3+ Kb8 85. Kd7 Ka8 86. Bg2+ Kb8 87. Kc6 Kc8 1/2-1/2

[Event "BCF-chT3E 2223 (4NCL)"]
[Site "England"]
[Date "2023.01.08"]
[Round "4.61"]
[White "Smith, Olivia"]
[Black "Scott, Gordon W"]
[Result "1/2-1/2"]
[WhiteElo "2054"]
[BlackElo "2275"]
[PlyCount "81"]
[EventDate "2022.11.05"]
[EventType "team-tourn"]
[EventRounds "11"]
[EventCountry "ENG"]
[SourceTitle "EXT 2024"]
[Source "ChessBase"]
[SourceDate "2023.10.10"]
[SourceVersion "1"]
[SourceVersionDate "2023.10.10"]
[SourceQuality "1"]
[WhiteTeam "Rhyfelwyr Essyllwg"]
[BlackTeam "Anglian Avengers"]
[WhiteTeamCountry "ENG"]
[BlackTeamCountry "ENG"]

1. e4 e6 2. d4 d5 3. Nc3 Bb4 4. Nge2 dxe4 5. a3 Be7 6. Nxe4 Nd7 7. Be3 Ngf6 8. N2c3 b6 9. Qf3 Nxe4 10. Qxe4 Rb8 11. 0-0-0 Nf6 12. Qe5 Bb7 13. d5 Bd6 14. Qd4 exd5 15. Nb5 0-0 16. Nxd6 Qxd6 17. Bf4 Qe7 18. Bb5 c5 19. Qe5 Qxe5 20. Bxe5 Ra8 21. Bxf6 gxf6 22. Rhe1 d4 23. Re7 Bd5 24. Rde1 Be6 25. Bd7 Bxd7 26. Rxd7 Rfe8 27. Ree7 Rxe7 28. Rxe7 Kf8 29. Rb7 Re8 30. Rxa7 Re2 31. Rb7 Rxf2 32. Rxb6 Rxg2 33. Rxf6 Rxh2 34. Rc6 h5 35. Rxc5 h4 36. Rh5 Kg7 37. b4 Kg6 38. Rh8 Kg7 39. Rh5 Kg6 40. Rh8 Kg7 41. Rh5 1/2-1/2

[Event "BCF-chT3E 2223 (4NCL)"]
[Site "England"]
[Date "2023.01.07"]
[Round "3.61"]
[White "Scott, Gordon W"]
[Black "Jermy, Jaden"]
[Result "1-0"]
[WhiteElo "2275"]
[BlackElo "2076"]
[PlyCount "103"]
[EventDate "2022.11.05"]
[EventType "team-tourn"]
[EventRounds "11"]
[EventCountry "ENG"]
[SourceTitle "EXT 2024"]
[Source "ChessBase"]
[SourceDate "2023.10.10"]
[SourceVersion "1"]
[SourceVersionDate "2023.10.10"]
[SourceQuality "1"]
[WhiteTeam "Anglian Avengers"]
[BlackTeam "Iceni"]
[WhiteTeamCountry "ENG"]
[BlackTeamCountry "ENG"]

1. d4 Nf6 2. c4 e6 3. Nc3 Bb4 4. e3 d5 5. a3 Bxc3+ 6. bxc3 0-0 7. Bd3 c6 8. Ne2 Nbd7 9. cxd5 cxd5 10. c4 dxc4 11. Bxc4 e5 12. 0-0 Nb6 13. Bb3 exd4 14. Nxd4 Bg4 15. f3 Bh5 16. Qd3 Bg6 17. e4 Rc8 18. Bb2 Qe7 19. Rac1 Nbd7 20. Qe3 Nc5 21. Ba2 Na4 22. Ba1 Nc5 23. Rfe1 Kh8 24. Nb5 b6 25. Bxf6 Qxf6 26. Nxa7 Ra8 27. Nb5 Rfd8 28. Bd5 Ra5 29. Rb1 h5 30. Rb4 Rxd5 31. exd5 Nd3 32. d6 Nxb4 33. axb4 Rxb5 34. Qe8+ Kh7 35. Qxb5 Qd4+ 36. Kh1 Qxd6 37. h3 Qd4 38. Rc1 Qe3 39. Rc4 Kh6 40. f4 Qe1+ 41. Kh2 f6 42. Qxb6 h4 43. Qg1 Qg3+ 44. Kh1 Bf7 45. Rc6 Be8 46. Rc8 Bc6 47. Rh8+ Kg6 48. f5+ Kxf5 49. Qb1+ Kf4 50. Qf1+ Ke4 51. Qf3+ Qxf3 52. gxf3+ 1-0

[Event "BCF-chT 2122 (4NCL)"]
[Site "England"]
[Date "2022.05.01"]
[Round "8.111"]
[White "Scott, Gordon W"]
[Black "Kosten, Anthony C"]
[Result "0-1"]
[WhiteElo "2224"]
[BlackElo "2371"]
[PlyCount "58"]
[EventDate "2021.11.27"]
[EventType "team-swiss"]
[EventRounds "11"]
[EventCountry "ENG"]
[SourceTitle "EXT 2023"]
[Source "ChessBase"]
[SourceDate "2022.10.05"]
[SourceVersion "1"]
[SourceVersionDate "2022.10.05"]
[SourceQuality "1"]
[WhiteTeam "Anglian Avengers"]
[BlackTeam "The ADS"]
[WhiteTeamCountry "ENG"]
[BlackTeamCountry "ENG"]

1. d4 Nf6 2. c4 e6 3. Nc3 Bb4 4. e3 0-0 5. Nge2 d5 6. a3 Bd6 7. Ng3 dxc4 8. Bxc4 e5 9. d5 Nbd7 10. 0-0 Nb6 11. Be2 Ne8 12. e4 Bc5 13. Qd3 Nd6 14. Be3 Bxe3 15. Qxe3 Bd7 16. a4 a5 17. b3 Nbc8 18. Rac1 Ne7 19. Rc2 Rc8 20. Rfc1 c5 21. f4 exf4 22. Qxf4 Qb6 23. e5 Ng6 24. Qe3 Rfe8 25. Nce4 Rxe5 26. Rxc5 Rce8 27. Bd3 f5 28. Nf6+ gxf6 29. Qh6 Re1+ 0-1

[Event "British Universities-ch"]
[Site "Telford"]
[Date "2018.02.25"]
[Round "5.1"]
[White "Li, Harry"]
[Black "Scott, Gordon W"]
[Result "0-1"]
[WhiteElo "2035"]
[BlackElo "2232"]
[PlyCount "132"]
[EventDate "2018.02.24"]
[EventType "team-swiss"]
[EventRounds "5"]
[EventCountry "ENG"]
[SourceTitle "CBM 183 Extra"]
[Source "ChessBase"]
[SourceDate "2018.04.19"]
[SourceVersion "1"]
[SourceVersionDate "2018.04.19"]
[SourceQuality "1"]
[WhiteTeam "London SE"]
[BlackTeam "Oxford"]
[WhiteTeamCountry "ENG"]
[BlackTeamCountry "ENG"]

1. d4 Nf6 2. Nf3 g6 3. Bf4 Bg7 4. e3 0-0 5. h3 c5 6. c3 d6 7. Be2 b6 8. 0-0 Bb7 9. Nbd2 Nbd7 10. Bh2 Ne4 11. Nxe4 Bxe4 12. Nd2 Bb7 13. Bf3 Qc7 14. a4 Rfd8 15. b4 Bxf3 16. Nxf3 Nf6 17. Qb1 cxb4 18. cxb4 Qb7 19. Rc1 Rdc8 20. Qb2 Ne4 21. Rxc8+ Rxc8 22. Rc1 Rc7 23. Nd2 Nf6 24. Nb3 Nd5 25. Rxc7 Qxc7 26. Nd2 Qc3 27. Qxc3 Nxc3 28. a5 b5 29. Kf1 Nd5 30. Ke2 Nxb4 31. Nb3 Kf8 32. f3 Ke8 33. Bg3 Kd7 34. Be1 Nc6 35. Kd3 Kc7 36. e4 e6 37. f4 d5 38. exd5 exd5 39. g4 Bf8 40. f5 Bb4 41. fxg6 fxg6 42. Bxb4 Nxb4+ 43. Ke3 Nc6 44. Kf4 h6 45. h4 Kd6 46. h5 gxh5 47. gxh5 Ke6 48. Nc5+ Kf6 49. Nb3 b4 50. Kg4 Ne7 51. Nc5 Nc8 52. Nd7+ Ke7 53. Nc5 Nd6 54. Kf4 Nc4 55. Nb3 Kf6 56. Kg4 Ne3+ 57. Kf4 Nf5 58. Kg4 Ng7 59. Nc5 Ne6 60. Nb3 a6 61. Kh4 Kf5 62. Kh3 Kg5 63. Nc5 Nxd4 64. Nxa6 b3 65. Nc7 b2 66. a6 Nc6 0-1

[Event "BCF-chT2b 1718 (4NCL)"]
[Site "England"]
[Date "2017.11.11"]
[Round "1.63"]
[White "Brooks, Phil J"]
[Black "Scott, Gordon W"]
[Result "0-1"]
[WhiteElo "2205"]
[BlackElo "2223"]
[PlyCount "78"]
[EventDate "2017.11.11"]
[EventType "team-tourn"]
[EventRounds "7"]
[EventCountry "ENG"]
[SourceTitle "EXT 2020"]
[Source "ChessBase"]
[SourceDate "2019.10.17"]
[SourceVersion "1"]
[SourceVersionDate "2019.10.17"]
[SourceQuality "1"]
[WhiteTeam "Warwicks Select"]
[BlackTeam "Anglian Avengers"]
[WhiteTeamCountry "ENG"]
[BlackTeamCountry "ENG"]

1. d4 Nf6 2. c4 g6 3. Nc3 Bg7 4. e4 d6 5. Nge2 0-0 6. Ng3 h5 7. Be2 Nbd7 8. 0-0 c5 9. d5 a6 10. Bg5 Nh7 11. Be3 h4 12. Nh1 h3 13. g3 b5 14. cxb5 axb5 15. Bxb5 Qa5 16. Be2 Bxc3 17. bxc3 Qxc3 18. Bh6 Re8 19. f3 Ba6 20. Nf2 Bxe2 21. Qxe2 Reb8 22. Bd2 Qd4 23. Be3 Rb2 24. Qe1 Qc4 25. Nxh3 Ne5 26. Rf2 Raxa2 27. Rxa2 Qxa2 28. Rxb2 Qxb2 29. Qf2 Qb3 30. Kg2 c4 31. Bd4 c3 32. Qe3 Qa2+ 33. Nf2 c2 34. Qc3 Nf6 35. f4 Nd3 36. Qc8+ Kg7 37. Be3 Nxf2 38. Bxf2 Qb2 39. e5 c1Q 0-1

[Event "Riga Tech op 7th"]
[Site "Riga"]
[Date "2017.08.07"]
[Round "1"]
[White "Kulaots, Kaido"]
[Black "Scott, Gordon W"]
[Result "1-0"]
[WhiteElo "2577"]
[BlackElo "2218"]
[PlyCount "45"]
[EventDate "2017.08.07"]
[EventType "swiss"]
[EventRounds "9"]
[EventCountry "LAT"]
[SourceTitle "CBM 179 Extra"]
[Source "ChessBase"]
[SourceDate "2017.08.23"]
[SourceVersion "1"]
[SourceVersionDate "2017.08.23"]
[SourceQuality "1"]

1. e4 e6 2. d3 d5 3. Qe2 Nc6 4. Nf3 Nf6 5. e5 Nd7 6. g3 f6 7. exf6 Qxf6 8. Bg2 Bd6 9. 0-0 0-0 10. d4 Kh8 11. c3 e5 12. Be3 Nb6 13. dxe5 Nxe5 14. Nxe5 Qxe5 15. Nd2 c6 16. a4 Bf5 17. a5 Nd7 18. a6 bxa6 19. Qxa6 Rab8 20. Qxc6 Rfc8 21. Qxd5 Qxd5 22. Bxd5 Rxb2 23. Nc4 1-0

[Event "Prague op 16th"]
[Site "Prague"]
[Date "2017.01.19"]
[Round "8"]
[White "Teclaf, Pawel"]
[Black "Scott, Gordon W"]
[Result "1/2-1/2"]
[WhiteElo "2341"]
[BlackElo "2198"]
[PlyCount "103"]
[EventDate "2017.01.13"]
[EventType "swiss"]
[EventRounds "9"]
[EventCountry "CZE"]
[SourceTitle "CBM 176 Extra"]
[Source "ChessBase"]
[SourceDate "2017.03.02"]
[SourceVersion "1"]
[SourceVersionDate "2017.03.02"]
[SourceQuality "1"]

1. e4 e6 2. d4 d5 3. Nd2 Nc6 4. Ngf3 Nf6 5. e5 Nd7 6. Nb3 a5 7. a4 Be7 8. Bb5 Na7 9. Be2 b6 10. 0-0 c5 11. c4 Bb7 12. Be3 0-0 13. Rc1 Rc8 14. cxd5 Bxd5 15. dxc5 Nxc5 16. Nbd4 Qd7 17. Nb5 Rfd8 18. Nfd4 Qb7 19. Nxa7 Qxa7 20. Bb5 Qb7 21. Qg4 Qb8 22. f4 Nb3 23. Rxc8 Rxc8 24. Ne2 Bc5 25. Bxc5 Rxc5 26. Nc3 Nd4 27. Bd3 Bc4 28. Rd1 Bxd3 29. Rxd3 Nf5 30. Qd1 Rc8 31. Rd7 Re8 32. Nb5 Ne3 33. Qh5 g6 34. Qh3 Nf5 35. g4 Re7 36. Rd3 Ng7 37. Qh4 Re8 38. Nd6 Rd8 39. Qe7 Rf8 40. f5 exf5 41. gxf5 b5 42. e6 Qb6+ 43. Kf1 Nxe6 44. fxe6 fxe6+ 45. Ke2 Qf2+ 46. Kd1 Qf1+ 47. Kc2 Rf2+ 48. Rd2 Rxd2+ 49. Kxd2 Qf2+ 50. Kd3 Qf3+ 51. Kd2 Qf2+ 52. Kd3 1/2-1/2

[Event "Chigorin Memorial 24th"]
[Site "St Petersburg"]
[Date "2016.10.22"]
[Round "8"]
[White "Belous, Mikhail"]
[Black "Scott, Gordon W"]
[Result "1-0"]
[WhiteElo "2314"]
[BlackElo "2168"]
[PlyCount "91"]
[EventDate "2016.10.15"]
[EventType "swiss"]
[EventRounds "9"]
[EventCountry "RUS"]
[SourceTitle "CBM 175 Extra"]
[Source "ChessBase"]
[SourceDate "2016.12.12"]
[SourceVersion "1"]
[SourceVersionDate "2016.12.12"]
[SourceQuality "1"]

1. d4 Nf6 2. c4 g6 3. Nc3 Bg7 4. e4 d6 5. f3 0-0 6. Be3 a6 7. Qd2 Nc6 8. Nge2 Rb8 9. h4 h5 10. 0-0-0 b5 11. Bh6 e5 12. Bxg7 Kxg7 13. dxe5 Nxe5 14. Nf4 bxc4 15. Be2 Rh8 16. Qd4 Rb4 17. Ncd5 Rb5 18. Nxf6 Qxf6 19. Nd5 Rxd5 20. Qxd5 c3 21. b3 Be6 22. Qd4 c5 23. Qxd6 a5 24. Bc4 Nxc4 25. bxc4 a4 26. Kc2 a3 27. f4 Re8 28. g3 Bxc4 29. Qxf6+ Kxf6 30. Rhe1 Rb8 31. Rb1 Rxb1 32. Rxb1 Bxa2 33. Ra1 Be6 34. Rxa3 Ke7 35. Kxc3 Kd6 36. Ra1 Bg4 37. Ra6+ Ke7 38. Rc6 Bf3 39. Rxc5 Kd6 40. Rd5+ Kc6 41. Kd4 Bg4 42. Ke5 Kc7 43. Kf6 Be6 44. Rd4 Kc6 45. Rd8 Kc7 46. Rf8 1-0

[Event "Chigorin Memorial 24th"]
[Site "St Petersburg"]
[Date "2016.10.18"]
[Round "4"]
[White "Scott, Gordon W"]
[Black "Ofitserian, Boris"]
[Result "0-1"]
[WhiteElo "2168"]
[BlackElo "2351"]
[PlyCount "90"]
[EventDate "2016.10.15"]
[EventType "swiss"]
[EventRounds "9"]
[EventCountry "RUS"]
[SourceTitle "CBM 175 Extra"]
[Source "ChessBase"]
[SourceDate "2016.12.12"]
[SourceVersion "1"]
[SourceVersionDate "2016.12.12"]
[SourceQuality "1"]

1. d4 Nf6 2. c4 c5 3. Nf3 g6 4. Nc3 Bg7 5. d5 0-0 6. e4 d6 7. h3 e6 8. Bd3 exd5 9. exd5 Re8+ 10. Be3 Na6 11. 0-0 Nc7 12. a4 Na6 13. Qd2 Nb4 14. Bb1 Bd7 15. Ra3 Qe7 16. Bf4 Qf8 17. Ng5 Nh5 18. Nce4 Nxf4 19. Qxf4 h6 20. Nxf7 Qxf7 21. Qxf7+ Kxf7 22. Nxd6+ Kg8 23. Nxe8 Bxe8 24. Rg3 Bxa4 25. Bxg6 Be8 26. Bf5 Bf7 27. Re1 Re8 28. Rxe8+ Bxe8 29. d6 Nc6 30. Bc8 b6 31. d7 Bf7 32. Ba6 Kf8 33. Rf3 Ke7 34. Bb5 Nd8 35. Ra3 a5 36. Re3+ Be6 37. b3 Bd4 38. Rg3 Bxd7 39. Rg6 Bxb5 40. cxb5 Ne6 41. Rxh6 c4 42. Rh7+ Bg7 43. bxc4 a4 44. c5 a3 45. Rh4 Nxc5 0-1

[Event "Douglas IoM op"]
[Site "Douglas"]
[Date "2016.10.06"]
[Round "6"]
[White "Scott, Gordon W"]
[Black "Formento, Paolo"]
[Result "1/2-1/2"]
[WhiteElo "2168"]
[BlackElo "2326"]
[PlyCount "61"]
[EventDate "2016.10.01"]
[EventType "swiss"]
[EventRounds "9"]
[EventCountry "IOM"]
[SourceTitle "EXT 2017"]
[Source "ChessBase"]
[SourceDate "2016.10.25"]
[SourceVersion "1"]
[SourceVersionDate "2016.10.25"]
[SourceQuality "1"]

1. d4 e6 2. c4 Bb4+ 3. Bd2 c5 4. Bxb4 cxb4 5. g3 Nf6 6. Bg2 0-0 7. e4 d6 8. Ne2 e5 9. a3 Qb6 10. 0-0 Nc6 11. axb4 Qxb4 12. b3 exd4 13. Na3 Qc5 14. Qd3 Nd7 15. Nb5 Nde5 16. Qd2 d3 17. Nf4 Nb4 18. Kh1 Bd7 19. Nc7 Rac8 20. Ncd5 Nxd5 21. Nxd5 Ng6 22. Qxd3 b5 23. f4 bxc4 24. Qxc4 Bb5 25. Qxc5 Rxc5 26. Rfd1 a6 27. Nb4 Rc3 28. Nxa6 Ra8 29. Nb4 Rxa1 30. Rxa1 Rxb3 31. Nd5 1/2-1/2

[Event "Douglas IoM op"]
[Site "Douglas"]
[Date "2016.10.02"]
[Round "2"]
[White "Scott, Gordon W"]
[Black "Balint, Vilmos"]
[Result "1/2-1/2"]
[WhiteElo "2168"]
[BlackElo "2334"]
[PlyCount "142"]
[EventDate "2016.10.01"]
[EventType "swiss"]
[EventRounds "9"]
[EventCountry "IOM"]
[SourceTitle "EXT 2017"]
[Source "ChessBase"]
[SourceDate "2016.10.25"]
[SourceVersion "1"]
[SourceVersionDate "2016.10.25"]
[SourceQuality "1"]

1. d4 Nf6 2. c4 e6 3. g3 Bb4+ 4. Bd2 c5 5. Bxb4 cxb4 6. Bg2 0-0 7. e4 d6 8. Ne2 e5 9. a3 Qb6 10. 0-0 Bg4 11. f3 Be6 12. b3 bxa3 13. Nxa3 Na6 14. Kh1 Rfd8 15. Nb5 Bd7 16. Nbc3 Nb4 17. Qd2 Nc6 18. Rab1 exd4 19. Nb5 d3 20. Qxd3 d5 21. exd5 Nb4 22. Qd2 Nbxd5 23. Nbd4 Nb4 24. Rbd1 Bf5 25. Qc3 Bg6 26. c5 Qa5 27. Ra1 Nfd5 28. Rxa5 Nxc3 29. Nxc3 Rxd4 30. Nb5 Rd2 31. Rxa7 Rxa7 32. Nxa7 Rc2 33. Nc8 Rxc5 34. Ne7+ Kf8 35. Nxg6+ hxg6 36. f4 b6 37. Ra1 Rc3 38. Bf1 Nc6 39. Bb5 Nd4 40. Bc4 Rc2 41. Ra8+ Ke7 42. Ra7+ Kd6 43. Kg1 Nf3+ 44. Kf1 Nxh2+ 45. Ke1 Nf3+ 46. Kd1 Rd2+ 47. Kc1 Rg2 48. Rxf7 Rxg3 49. Rxg7 Nd4 50. Kd2 b5 51. Bf7 Nf3+ 52. Kc3 Ne5+ 53. Kb4 Nd3+ 54. Kxb5 Nxf4 55. Kc4 g5 56. Kd4 Rg1 57. Ke4 Re1+ 58. Kf5 Re7 59. Kf6 Ne6 60. Rg6 Nf8 61. Rh6 Re5 62. Rh5 Nd7+ 63. Kg6 g4 64. Rh1 Ke7 65. Bc4 Nf8+ 66. Kh6 Kf6 67. Rf1+ Rf5 68. Rxf5+ Kxf5 69. Bd5 Ne6 70. b4 Ke5 71. Bh1 Nd4 1/2-1/2

[Event "Southend op 59th"]
[Site "Southend"]
[Date "2015.04.06"]
[Round "7"]
[White "Villiers, Thomas"]
[Black "Scott, Gordon W"]
[Result "0-1"]
[WhiteElo "2089"]
[BlackElo "2090"]
[PlyCount "144"]
[EventDate "2015.04.03"]
[EventType "swiss"]
[EventRounds "7"]
[EventCountry "ENG"]
[SourceTitle "EXT 2017"]
[Source "ChessBase"]
[SourceDate "2016.10.25"]
[SourceVersion "1"]
[SourceVersionDate "2016.10.25"]
[SourceQuality "1"]

1. c4 e6 2. g3 d5 3. Bg2 Nf6 4. Nf3 Be7 5. b3 c5 6. Bb2 d4 7. e3 Nc6 8. exd4 cxd4 9. 0-0 0-0 10. Re1 Re8 11. d3 Bc5 12. Na3 e5 13. Nc2 Qd6 14. a3 a5 15. Qd2 h6 16. Rad1 Bf5 17. Re2 Rad8 18. Nfe1 e4 19. dxe4 Nxe4 20. Bxe4 Bxe4 21. b4 axb4 22. axb4 Nxb4 23. Nxb4 Bxb4 24. Qxd4 Qf8 25. Qxd8 Rxd8 26. Rxd8 Qxd8 27. Rxe4 Bxe1 28. Rxe1 Qd2 29. Re8+ Kh7 30. Ba3 Qd3 31. Re3 Qxc4 32. h4 b5 33. Rf3 b4 34. Bxb4 Qxb4 35. Rxf7 Kg6 36. Rf4 Qb1+ 37. Kg2 Kh5 38. Rf8 Qe4+ 39. Kg1 Qe7 40. Rf4 Qb7 41. Kh2 Qd5 42. Kg1 Qd1+ 43. Kg2 Qd6 44. Rf5+ Kg4 45. Rf7 Qd5+ 46. f3+ Kh5 47. Rxg7 Qe6 48. f4 Qf6 49. Rg8 Qf7 50. Rd8 Kg4 51. Rd3 Qc4 52. Re3 Qd4 53. Kf2 Qc5 54. Ke2 Qc2+ 55. Ke1 Kh3 56. f5 Qxf5 57. Kd2 Kg2 58. Kc3 Kf2 59. Rd3 Qe4 60. Kd2 Qc4 61. Rc3 Qd4+ 62. Rd3 Qa1 63. Kc2 Qa4+ 64. Kc3 Ke2 65. Rd2+ Ke3 66. Rb2 Kf3 67. Rb4 Qa1+ 68. Kc4 Kxg3 69. Kb5 Qf6 70. Kc5 Qe7+ 71. Kb5 Qxb4+ 72. Kxb4 Kxh4 0-1

[Event "BCF-chT3 1415 (4NCL)"]
[Site "England"]
[Date "2015.03.21"]
[Round "8.99"]
[White "Scott, Gordon W"]
[Black "Swanson, Stephen"]
[Result "0-1"]
[WhiteElo "2087"]
[BlackElo "2220"]
[PlyCount "94"]
[EventDate "2015.03.21"]
[EventType "team-swiss"]
[EventRounds "11"]
[EventCountry "ENG"]
[SourceTitle "EXT 2016"]
[Source "ChessBase"]
[SourceDate "2015.10.08"]
[SourceVersion "1"]
[SourceVersionDate "2015.10.08"]
[SourceQuality "1"]
[WhiteTeam "Anglian Avengers II"]
[BlackTeam "Poisoned Pawns"]
[WhiteTeamCountry "ENG"]
[BlackTeamCountry "ENG"]

1. d4 d6 2. Nf3 g6 3. g3 Bg7 4. Bg2 Nd7 5. c4 e5 6. 0-0 Nh6 7. e4 0-0 8. Nc3 Re8 9. h3 f6 10. Be3 Nf7 11. Qd2 c6 12. Rab1 Qe7 13. d5 c5 14. Nb5 Qd8 15. b4 b6 16. Ne1 f5 17. f3 a6 18. Nc3 f4 19. gxf4 exf4 20. Bxf4 Nde5 21. bxc5 bxc5 22. Na4 Nxc4 23. Qc1 Qh4 24. Nd3 Nce5 25. Nxe5 Nxe5 26. Bxe5 Bxe5 27. f4 Bd4+ 28. Kh2 Rxe4 29. Rb3 Re8 30. Nb6 Rb8 31. Nxc8 Rbxc8 32. Qc4 Rcd8 33. Qxa6 Re3 34. Rxe3 Bxe3 35. Qc4 Rf8 36. Qd3 Bxf4+ 37. Kh1 Be5 38. Rxf8+ Kxf8 39. Qe4 Qg5 40. Qb1 Kg7 41. Qb7+ Kh6 42. Qf7 Qg3 43. Qf8+ Kg5 44. Qe7+ Kf4 45. Qf7+ Ke3 46. Kg1 c4 47. Kf1 Kd2 0-1

[Event "GBR-ch 100th"]
[Site "Torquay"]
[Date "2013.08.09"]
[Round "11"]
[White "Waters, Clive L"]
[Black "Scott, Gordon W"]
[Result "1/2-1/2"]
[WhiteElo "2129"]
[BlackElo "2039"]
[PlyCount "40"]
[EventDate "2013.07.29"]
[EventType "swiss"]
[EventRounds "11"]
[EventCountry "ENG"]
[SourceTitle "EXT 2014"]
[Source "ChessBase"]
[SourceDate "2013.11.20"]
[SourceVersion "1"]
[SourceVersionDate "2013.11.20"]
[SourceQuality "1"]

1. Nf3 c5 2. c4 Nc6 3. Nc3 Nd4 4. e3 Nxf3+ 5. Qxf3 g6 6. Qd1 Bg7 7. Be2 Nf6 8. 0-0 d5 9. cxd5 Nxd5 10. Qa4+ Bd7 11. Qb3 Nb6 12. Ne4 Qc7 13. d3 0-0 14. Bd2 Bf5 15. Rac1 c4 16. Qa3 Qd8 17. Nc5 cxd3 18. Bf3 Qd6 19. Rfd1 Nd7 20. b4 Be5 1/2-1/2